Determinanty lokality v tvorbe konkurenčnej výhody v medzinárodnom podnikaní: kritická analýza koncepcie M. Portera

Porterov model diamantu konkurenčnej výhody. Porterov model diamantu v tvorbe konkurenčnej výhody v medzinárodnom podnikaní. Kritická analýza chápania atribútov lokality v modeli diamantu konkurenčnej výhody M. Portera.

Enregistré dans:
Détails bibliographiques
Auteur principal: Lesáková, Dagmar, 1949-
Format: Chapitre de livre
Langue:slovaque
Sujets:
Tags: Ajouter un tag
Pas de tags, Soyez le premier à ajouter un tag!

MARC

LEADER 00000naa a2200000 4500
001 0145777
005 20240502072630.8
041 0 |a slo 
044 |a SK 
245 1 0 |a Determinanty lokality v tvorbe konkurenčnej výhody v medzinárodnom podnikaní: kritická analýza koncepcie M. Portera  |c Dagmar Lesáková 
520 |a Porterov model diamantu konkurenčnej výhody. Porterov model diamantu v tvorbe konkurenčnej výhody v medzinárodnom podnikaní. Kritická analýza chápania atribútov lokality v modeli diamantu konkurenčnej výhody M. Portera. 
610 2 0 |a podnikanie medzinárodné 
610 2 0 |a výhody konkurenčné 
610 2 0 |a prostredie podnikateľské 
610 2 0 |a výkony podnikové 
610 2 0 |a rast podniku 
610 2 0 |a rast produktivity práce 
100 1 |a Lesáková, Dagmar, 1949-